000 02442nam0a2200385 i 4500
001 RU\NLR\BIBL_A\010794292
005 20240921111604.0
010 _a9785763832358
_970
021 _aRU
_b2015-39477
_92346
035 _a(NILC)RuMoRGB-007942320
035 _a(NLR Aleph) 010794292
090 _a10128031
_c10128031
100 _a20150626d2015 km y0rusy50 ca
101 0 _arus
102 _aRU
105 _aa|||z|||100yy
200 1 _aФормирование человеческого капитала ресурсами системы образования
_eматериалы второй Всероссийской научно-практической конференции (Красноярск, 28-29 апреля 2015 года)
_f[редкол.: В.Т. Ковалевич (отв. ред.) и др.]
210 _aКрасноярск
_cСФУ
_d2015
215 _a185 с.
_cил.
_d21
300 _aВ надзаг.: М-во образования и науки Рос. Федерации, Сиб. федер. ун-т, Ин-т педагогики, психологии и социологии
320 _aБиблиогр. в конце ст.
606 1 _aОбразовательные учреждения
_jСъезды, совещания и т.п
_xУчебно-воспитательная работа
_92393954
_3RU\NLR\AUTH\661427428
606 1 _aКапитал человеческий
_jСъезды, совещания и т.п
_xИнтеллектуализация
_92451719
_3RU\NLR\AUTH\661457660
606 1 _aЧеловеческие ресурсы
_jСъезды, совещания и т.п
_xРазвитие
_yРоссийская Федерация
_92153932
_3RU\NLR\AUTH\661601617
686 1 _aЧ312я431
686 1 _aЧ313я431
686 1 _aУ010.033я431
686 1 _aУ24(2)0(2Р)я431
702 1 _aКовалевич
_bВ. Т.
_gВалентина Тимофеевна
_4340
711 1 2 _a"Формирование человеческого капитала ресурсами системы образования", всероссийская научно-практическая конференция
_d2
_eКрасноярск
_f2015
_9475229
_3RU\NLR\AUTH\880404108
801 0 _aRU
_bРГБ
_c20150528
_gRCR
942 _cBOOK
980 _aNBR